000 00359nam a2200157Ia 4500
003 Ost
005 20260225132544.0
008 260225s9999||||xx |||||||||||||| ||und||
040 _cfsic
041 _afre
082 _a440
100 _aSalah Lebioui
_eAuteur
245 0 _aL'OPAEP et le tiers monde sud-sud /
245 0 _cSalah Lebioui
942 _cكتاب
999 _c33733
_d33733